Governance and electoral process in Bangladesh: (Record no. 278)
[ view plain ]
| 000 -LEADER | |
|---|---|
| fixed length control field | 005830000a22001570004500 |
| 008 - FIXED-LENGTH DATA ELEMENTS--GENERAL INFORMATION | |
| fixed length control field | 230817t ||||| |||| 00| 0 eng d |
| 020 ## - ISBN | |
| ISBN | 812590297X |
| 082 ## - DEWEY DECIMAL CLASSIFICATION NUMBER | |
| Classification number | 324.954 |
| Item number | GOV |
| 942 ## - ADDED ENTRY ELEMENTS (KOHA) | |
| Item Type | Reports |
| 700 ## - ADDED ENTRY--PERSONAL NAME | |
| Personal name | Thiagarajah, Jeevan |
| Relator Term | editor |
| 245 ## - TITLE STATEMENT | |
| Title | Governance and electoral process in Bangladesh: |
| Sub Title | Report of Non-Governmental election observers from South Asia (SAARC) parliamentary elections, June 12th 1996-Bangladesh |
| 260 ## - PUBLICATION, DISTRIBUTION, ETC. (IMPRINT) | |
| Place of Publication | New Delhi: |
| Name of Publisher | Vikas, |
| Date of Copyright | 1997 |
| 300 ## - PHYSICAL DESCRIPTION | |
| Extent | xi, 219 p. ; 23 cm. |
| Physical Details | Index included |
| 650 ## - SUBJECT ADDED ENTRY--TOPICAL TERM | |
| Topical Term | ELECTION MONITORING-Bangladesh |
| 650 ## - SUBJECT ADDED ENTRY--TOPICAL TERM | |
| Topical Term | Elections-Bangladesh |
| Withdrawn status | Lost status | Source of classification or shelving scheme | Damaged status | Not for loan | Permanent location | Current location | Date acquired | Total Checkouts | Full call number | Barcode | Date last seen | Price effective from | Koha item type |
|---|---|---|---|---|---|---|---|---|---|---|---|---|---|
| Dewey Decimal Classification | Resource center, Muslim Women's Research And Action Forum | Resource center, Muslim Women's Research And Action Forum | 2023-08-17 | 324.954 GOV | RAF1808 | 2023-08-17 | 2023-08-17 | Reports |

